Slovenská privatizace pomalu a uvážlivě

Filozofia veľkej privatizácie v SR. Privatizácia kupónovou metódou. Revízia privatizačných rozhodnutí zo strany FNM SR. Stratégia v privatizácii podľa Mečiarovej vlády. Zahraničný kapitál v SR. Majetková účasť FNM SR. Rozdelenie akciových spoločností podľa percentuálnej účasti FNM SR k 31.1.1995. Sp...

Descripción completa

Guardado en:
Detalles Bibliográficos
Autor principal: Ferenc, J.
Formato: Capítulo de libro
Lenguaje:checo
Materias:
Etiquetas: Agregar Etiqueta
Sin Etiquetas, Sea el primero en etiquetar este registro!

MARC

LEADER 00000naa a2200000 4500
001 r019573
005 20221205102839.2
041 0 |a cze 
044 |a CZ 
245 1 0 |a Slovenská privatizace pomalu a uvážlivě  |c J. Ferenc 
520 |a Filozofia veľkej privatizácie v SR. Privatizácia kupónovou metódou. Revízia privatizačných rozhodnutí zo strany FNM SR. Stratégia v privatizácii podľa Mečiarovej vlády. Zahraničný kapitál v SR. Majetková účasť FNM SR. Rozdelenie akciových spoločností podľa percentuálnej účasti FNM SR k 31.1.1995. Spôsoby privatizácie v prvej vlne veľkej privatizácie, najčastejšie metódy. 
610 2 0 |a privatizácia 
610 2 0 |a FNM SR Bratislava 
610 2 0 |a stratégia hospodárska 
610 2 0 |a kapitál zahraničný 
610 2 0 |a majetok národný 
610 2 0 |a akcie 
610 2 0 |a spoločnosti akciové 
610 2 0 |a Slovensko 
100 1 |a Ferenc, J.